Catalog

Record Details

Catalog Search



Jitřenka : únik z pekla holocaustu  Cover Image Book Book

Jitřenka : únik z pekla holocaustu / Stanislav Poskočil

Record details

  • ISBN: 978-80-270-3578-6
  • Physical Description: 69 stran : ilustrace, portréty, faksimile ; 30 cm
  • Publisher: [Jemnice] : Stanislav Poskočil, 2017

Content descriptions

General Note:
250 výtisků
Subject: Poskočil, Stanislav, 1934-
Židé > Česko > 20. století
rodinné vztahy
každodenní život > Česko
Židé > perzekuce > 1939-1945
holocaust (1939-1945)
druhá světová válka (1939-1945)
Jews > Czechia > 20th century
family relationships
everyday life > Czechia
Jews > persecutions > 1939-1945
holocaust (1939-1945)
World War (1939-1945)
Genre: autobiografické příběhy
autobiographical stories

Available copies

  • 1 of 1 copy available at Common Catalog SPOK.

Holds

  • 0 current holds with 1 total copy.
Show Only Available Copies
Location Call Number / Copy Notes Barcode Shelving Location Status Due Date
The Jewish community of Prague K 3433 4638300647 K - Beletrie Available -

LDR 02183nam a2200601 i 4500
00152715
003CZ-PrJAB
00520180327080704.0
007ta
008180216s2017 xr ach e 000 0acze
015 . ‡acnb002978449
020 . ‡a978-80-270-3578-6 ‡q(v knize neuvedeno ; ‡qbrožováno)
035 . ‡a(CZ PrNK)nkc20182978449
035 . ‡a(OCoLC)1028179574
040 . ‡aABA001 ‡bcze ‡erda
043 . ‡ae-xr---
045 . ‡ax-x-
072 7. ‡a323 ‡xVnitropolitický vývoj, politický život ‡2Konspekt ‡915
080 . ‡a(=411.16) ‡2MRF
080 . ‡a316.356.2 ‡2MRF
080 . ‡a316.728 ‡2MRF
080 . ‡a323.28 ‡2MRF
080 . ‡a323.12"1939/1945" ‡2MRF
080 . ‡a94(100)"1939/1945" ‡2MRF
080 . ‡a(437.3) ‡2MRF
080 . ‡a(0:82-94) ‡2MRF
1001 . ‡aPoskočil, Stanislav, ‡d1934- ‡7hka2016899692 ‡4aut
24510. ‡aJitřenka : ‡búnik z pekla holocaustu / ‡cStanislav Poskočil
264 1. ‡a[Jemnice] : ‡bStanislav Poskočil, ‡c2017
300 . ‡a69 stran : ‡bilustrace, portréty, faksimile ; ‡c30 cm
336 . ‡atext ‡btxt ‡2rdacontent
337 . ‡abez média ‡bn ‡2rdamedia
338 . ‡asvazek ‡bnc ‡2rdacarrier
500 . ‡a250 výtisků
60017. ‡aPoskočil, Stanislav, ‡d1934- ‡7hka2016899692 ‡2czenas
648 7. ‡a1939-1945 ‡7ch460653 ‡2czenas
648 7. ‡a20. století ‡7ch460558 ‡2czenas
65007. ‡aŽidé ‡7ph127782 ‡zČesko ‡y20. století ‡2czenas
65007. ‡arodinné vztahy ‡7ph135535 ‡2czenas
65007. ‡akaždodenní život ‡7ph121555 ‡zČesko ‡2czenas
65007. ‡aŽidé ‡7ph127782 ‡xperzekuce ‡y1939-1945 ‡2czenas
65007. ‡aholocaust (1939-1945) ‡7ph117203 ‡2czenas
65007. ‡adruhá světová válka (1939-1945) ‡7ph117270 ‡2czenas
65009. ‡aJews ‡zCzechia ‡y20th century ‡2eczenas
65009. ‡afamily relationships ‡2eczenas
65009. ‡aeveryday life ‡zCzechia ‡2eczenas
65009. ‡aJews ‡xpersecutions ‡y1939-1945 ‡2eczenas
65009. ‡aholocaust (1939-1945) ‡2eczenas
65009. ‡aWorld War (1939-1945) ‡2eczenas
655 7. ‡aautobiografické příběhy ‡7fd131891 ‡2czenas
655 9. ‡aautobiographical stories ‡2eczenas
910 . ‡aABE461
995 . ‡aska
901 . ‡a52715 ‡bAUTOGEN ‡c52715 ‡tbiblio

Additional Resources